[Event "English Online Blitz Gp1"]
[Site "Chess.com INT"]
[Date "2020.05.09"]
[Round "1"]
[White "Kalavannan, Koby"]
[Black "Barker, Arron"]
[Result "1-0"]
[WhiteElo "2324"]
[BlackElo "1847"]
[PlyCount "79"]
[EventDate "2020.05.09"]
[EventType "swiss (blitz)"]
[EventRounds "11"]
[EventCountry "ENG"]
[SourceTitle "CBM 196 Extra"]
[Source "ChessBase"]
[SourceDate "2020.07.31"]
[SourceVersion "1"]
[SourceVersionDate "2020.07.31"]
[SourceQuality "1"]

1. d4 e6 2. c4 d5 3. g3 Nf6 4. Bg2 Bb4+ 5. Nd2 0-0 6. Qc2 Re8 7. Ngf3 c6 8. 0-0 Nbd7 9. Rd1 Qc7 10. e4 dxe4 11. Nxe4 Nxe4 12. Qxe4 Nf6 13. Qe2 b6 14. Bf4 Bd6 15. Bxd6 Qxd6 16. c5 Qc7 17. Rac1 Nd5 18. Ne5 Bb7 19. Be4 f6 20. Nc4 Ba6 21. Qh5 f5 22. Bd3 Nf6 23. Qf3 Bxc4 24. Bxc4 b5 25. Bb3 Rad8 26. Qxf5 Nd5 27. Qe4 Re7 28. Re1 Qd7 29. Rcd1 a5 30. Qe2 Rde8 31. a3 a4 32. Bc2 g6 33. Qe5 Qc7 34. Qg5 e5 35. Be4 Nf6 36. Qxf6 Rf7 37. Qxc6 exd4 38. Qxc7 Rxc7 39. Bd5+ Kg7 40. Rxe8 1-0

[Event "BCF-chT3N 1617 (4NCL)"]
[Site "England"]
[Date "2017.05.01"]
[Round "11.202"]
[White "Hilton, Tim"]
[Black "Barker, Arron"]
[Result "1/2-1/2"]
[WhiteElo "1930"]
[BlackElo "1908"]
[PlyCount "90"]
[EventDate "2016.11.26"]
[EventType "team-swiss"]
[EventRounds "11"]
[EventCountry "ENG"]
[SourceTitle "EXT 2019"]
[Source "ChessBase"]
[SourceDate "2018.10.10"]
[SourceVersion "1"]
[SourceVersionDate "2018.10.10"]
[SourceQuality "1"]
[WhiteTeam "Manchester Manticores III"]
[BlackTeam "Bradford DCA Knights II"]
[WhiteTeamCountry "ENG"]
[BlackTeamCountry "ENG"]

1. c4 e5 2. g3 Nf6 3. Bg2 c6 4. Nf3 e4 5. Nd4 Qb6 6. Nb3 d5 7. cxd5 cxd5 8. d3 Bb4+ 9. Bd2 e3 10. fxe3 Ng4 11. Bxb4 Qxb4+ 12. Qd2 Qd6 13. Nc3 Be6 14. Nb5 Qb6 15. N5d4 0-0 16. h3 Nf6 17. 0-0-0 a5 18. Nxe6 fxe6 19. g4 a4 20. Nd4 Nbd7 21. Kb1 a3 22. b3 Nc5 23. Ka1 Kh8 24. Rhf1 Nfd7 25. g5 Ne5 26. h4 Nc6 27. Nxc6 Qxc6 28. d4 Nd7 29. Rc1 Rxf1 30. Bxf1 Qd6 31. Qc2 Rf8 32. Bh3 Qa6 33. h5 Kg8 34. h6 Rf2 35. Qc8+ Nf8 36. hxg7 Kxg7 37. Bg4 Rf7 38. Bh5 Ng6 39. Rh1 Rf8 40. Qc7+ Rf7 41. Qc2 Qa5 42. Rc1 Qd8 43. Bg4 Nf8 44. Bh5 Ng6 45. Bg4 Nf8 1/2-1/2

[Event "BCF-chT3N 1617 (4NCL)"]
[Site "England"]
[Date "2017.04.29"]
[Round "9.52"]
[White "Turner, John M"]
[Black "Barker, Arron"]
[Result "1/2-1/2"]
[WhiteElo "2019"]
[BlackElo "1908"]
[PlyCount "37"]
[EventDate "2016.11.26"]
[EventType "team-swiss"]
[EventRounds "11"]
[EventCountry "ENG"]
[SourceTitle "EXT 2019"]
[Source "ChessBase"]
[SourceDate "2018.10.10"]
[SourceVersion "1"]
[SourceVersionDate "2018.10.10"]
[SourceQuality "1"]
[WhiteTeam "Holmes Chapel"]
[BlackTeam "Bradford DCA Knights II"]
[WhiteTeamCountry "ENG"]
[BlackTeamCountry "ENG"]

1. e4 b6 2. d4 Bb7 3. Bd3 e6 4. Nf3 Nf6 5. Qe2 d5 6. e5 Ne4 7. Nbd2 Nxd2 8. Bxd2 Be7 9. 0-0 0-0 10. c3 c5 11. Rac1 Nc6 12. a3 Na5 13. b4 Nb3 14. Rb1 Nxd2 15. Qxd2 Rb8 16. a4 a5 17. b5 f6 18. Qc2 f5 19. Ne1 1/2-1/2

[Event "BCF-chT3N 1617 (4NCL)"]
[Site "England"]
[Date "2017.01.14"]
[Round "3.207"]
[White "Kildea, Robbie"]
[Black "Barker, Arron"]
[Result "0-1"]
[WhiteElo "1729"]
[BlackElo "1908"]
[PlyCount "118"]
[EventDate "2016.11.26"]
[EventType "team-swiss"]
[EventRounds "11"]
[EventCountry "ENG"]
[SourceTitle "EXT 2019"]
[Source "ChessBase"]
[SourceDate "2018.10.10"]
[SourceVersion "1"]
[SourceVersionDate "2018.10.10"]
[SourceQuality "1"]
[WhiteTeam "Enniscorthy"]
[BlackTeam "Bradford DCA Knights II"]
[WhiteTeamCountry "IRL"]
[BlackTeamCountry "ENG"]

1. e4 b6 2. d4 Bb7 3. Nc3 e6 4. Bf4 Bb4 5. Nge2 Bxe4 6. a3 Bxc3+ 7. Nxc3 Bg6 8. Nb5 d6 9. Qf3 Nd7 10. Qc6 Rc8 11. Bxd6 Ne7 12. Nxc7+ Kf8 13. Bc4 Nb8 14. Nxe6+ fxe6 15. Bxe7+ Kxe7 16. Qxe6+ Kf8 17. 0-0 Rc6 18. Qe2 Bf7 19. d5 Rd6 20. Qf3 Nd7 21. Rad1 Ne5 22. Qc3 Nxc4 23. Qxc4 Kg8 24. Rfe1 h6 25. Qe4 Rxd5 26. Rxd5 Qxd5 27. Qa4 a5 28. Qf4 Kh7 29. h3 Bg6 30. Qc7 Qc5 31. Qb7 Rf8 32. Re3 Qxc2 33. Qxb6 Qxf2+ 34. Kh2 Re8 35. Re6 Qf4+ 36. Kg1 Rxe6 37. Qxe6 Qc1+ 38. Kh2 Qxb2 39. Qe7 Qc2 40. Qe5 Be4 41. Qg3 a4 42. Kg1 Qe2 43. Kh2 Qd3 44. Qf4 Qe2 45. Qg3 Bxg2 46. Qxg2 Qxg2+ 47. Kxg2 Kg6 48. Kf3 Kh5 49. Kg3 g5 50. Kg2 Kh4 51. Kh2 h5 52. Kg2 g4 53. hxg4 hxg4 54. Kh2 g3+ 55. Kg2 Kg4 56. Kg1 Kf3 57. Kf1 Ke3 58. Kg2 Kd2 59. Kxg3 Kc3 0-1

[Event "Wakefield 4NCL op 10th"]
[Site "Wakefield"]
[Date "2016.09.10"]
[Round "2"]
[White "Horton, Jamie A"]
[Black "Barker, Arron"]
[Result "1-0"]
[WhiteElo "2149"]
[BlackElo "1910"]
[PlyCount "141"]
[EventDate "2016.09.09"]
[EventType "swiss"]
[EventRounds "5"]
[EventCountry "ENG"]
[SourceTitle "CBM 174 Extra"]
[Source "ChessBase"]
[SourceDate "2016.10.10"]
[SourceVersion "1"]
[SourceVersionDate "2016.10.10"]
[SourceQuality "1"]

1. e4 b6 2. d4 Bb7 3. Nd2 e6 4. Ngf3 c5 5. c3 Nf6 6. Bd3 Be7 7. 0-0 d6 8. Re1 Qc7 9. Nf1 Nbd7 10. Ng3 h6 11. Qe2 g6 12. Bd2 Rc8 13. Rad1 c4 14. Bb1 b5 15. h3 a6 16. Nh2 h5 17. Nf3 Nh7 18. Kh1 Qd8 19. Nh2 Rg8 20. f4 Bh4 21. Qf3 Bxg3 22. Qxg3 Qe7 23. Nf3 Kd8 24. f5 Kc7 25. fxe6 fxe6 26. Ng5 e5 27. Be3 Kb8 28. Nxh7 Qxh7 29. dxe5 dxe5 30. Bg1 Rc7 31. Qe3 Bc6 32. Rd6 Bb7 33. Red1 Kc8 34. Bc2 g5 35. g3 Nc5 36. Re1 g4 37. h4 Rf8 38. Kh2 Rf3 39. Qg5 Qh8 40. Red1 Rf8 41. Rh6 Qg8 42. Qxg8 Rxg8 43. Bxc5 Rxc5 44. Rxh5 Rf8 45. Rd2 Bc6 46. Rg5 Bd7 47. Bd1 a5 48. a3 Rc6 49. Bxg4 Bxg4 50. Rxg4 Rf3 51. Rg5 Rd3 52. Rg2 Re6 53. h5 Re3 54. Rg4 Rh6 55. Rh4 Kd7 56. Kh3 Ke6 57. Kg4 Rxe4+ 58. Kg5 Rxh4 59. Kxh4 e4 60. g4 Rh8 61. g5 Kf7 62. Re2 Re8 63. Re3 Re5 64. Kg4 Ke6 65. h6 Kf7 66. Kf4 Rd5 67. Rh3 Rd3 68. Rh1 Kg8 69. g6 Kh8 70. g7+ Kh7 71. Rg1 1-0

[Event "BCF-chT3Nb 1516 (4NCL)"]
[Site "England"]
[Date "2016.02.13"]
[Round "5.100"]
[White "Bamber, Elaine"]
[Black "Barker, Arron"]
[Result "0-1"]
[WhiteElo "2070"]
[BlackElo "1870"]
[PlyCount "88"]
[EventDate "2015.11.14"]
[EventType "team-swiss"]
[EventRounds "7"]
[EventCountry "ENG"]
[SourceTitle "EXT 2017"]
[Source "ChessBase"]
[SourceDate "2016.10.25"]
[SourceVersion "1"]
[SourceVersionDate "2016.10.25"]
[SourceQuality "1"]
[WhiteTeam "Alba"]
[BlackTeam "Manchester Manticores"]
[WhiteTeamCountry "ENG"]
[BlackTeamCountry "ENG"]

1. e4 b6 2. Nc3 Bb7 3. d4 e6 4. Nf3 Bb4 5. Bd3 Nf6 6. e5 Ne4 7. Bd2 Nxd2 8. Nxd2 Bxc3 9. bxc3 Qg5 10. Rg1 d6 11. Ne4 Bxe4 12. Bxe4 d5 13. Bd3 Qe7 14. a4 a6 15. Qb1 Nd7 16. g3 c5 17. f4 h6 18. Qd1 cxd4 19. Qe2 Qc5 20. Rf1 Qxc3+ 21. Kf2 Nc5 22. Kg2 Nxd3 23. cxd3 0-0 24. Rfc1 Qa5 25. Qc2 Rac8 26. Qxc8 Qd2+ 27. Kh3 Rxc8 28. Rxc8+ Kh7 29. Rc6 Qxd3 30. Rxb6 g5 31. fxg5 hxg5 32. Re1 g4+ 33. Kg2 Qd2+ 34. Kf1 Qxh2 35. Rb3 Qc2 36. Ra3 d3 37. Raa1 d2 38. Red1 Qd3+ 39. Kg2 Qe4+ 40. Kh2 Qxe5 41. Rg1 Qe2+ 42. Kh1 e5 43. a5 e4 44. Rgf1 Kg7 0-1

[Event "BCF-chT3Nb 1516 (4NCL)"]
[Site "England"]
[Date "2015.11.14"]
[Round "1.129"]
[White "Dean, Robert A"]
[Black "Barker, Arron"]
[Result "1-0"]
[WhiteElo "1824"]
[BlackElo "1915"]
[PlyCount "93"]
[EventDate "2015.11.14"]
[EventType "team-swiss"]
[EventRounds "7"]
[EventCountry "ENG"]
[SourceTitle "CBM 169 Extra"]
[Source "ChessBase"]
[SourceDate "2015.12.18"]
[SourceVersion "1"]
[SourceVersionDate "2015.12.18"]
[SourceQuality "1"]
[WhiteTeam "Bradford DCA Knights III"]
[BlackTeam "Bradford DCA Knights II"]
[WhiteTeamCountry "ENG"]
[BlackTeamCountry "ENG"]

1. e4 e6 2. d4 d5 3. Nd2 Nf6 4. e5 Nfd7 5. Bd3 c5 6. c3 Nc6 7. Ne2 Qb6 8. Nf3 cxd4 9. cxd4 Bb4+ 10. Bd2 Bxd2+ 11. Qxd2 Qb4 12. Rc1 Nb6 13. Nc3 a6 14. a3 Qe7 15. b4 Bd7 16. 0-0 h6 17. Qb2 Qd8 18. Rb1 Ne7 19. b5 a5 20. Rfc1 0-0 21. Qe2 f6 22. exf6 Rxf6 23. Ne5 Nf5 24. Qg4 Qe8 25. Ne2 Nc4 26. Nxc4 dxc4 27. Bxc4 Nd6 28. a4 Nxc4 29. Rxc4 Qf7 30. Qh4 Rf8 31. f3 Qg6 32. Qe4 Qg5 33. Ng3 Be8 34. Rbc1 h5 35. Qe5 Qg6 36. Ne4 Rxf3 37. Ng5 R3f6 38. h4 Qd3 39. Rc7 Qd2 40. Nf3 Qb2 41. Qg5 Rg6 42. Qd2 Qb3 43. Ne5 Rg3 44. Kh2 Re3 45. Rxb7 Rxe5 46. dxe5 Bg6 47. Rcc7 1-0